Matemáticas básicas
Guardat en:
| Autors principals: | , |
|---|---|
| Format: | Llibre |
| Idioma: | espanyol |
| Publicat: |
Ciudad de México
Limusa
1966
|
| Matèries: | |
| Etiquetes: |
Afegir etiqueta
Sense etiquetes, Sigues el primer a etiquetar aquest registre!
|
MARC
| LEADER | 00000nam a2200000 a 4500 | ||
|---|---|---|---|
| 001 | UCY9687 | ||
| 003 | CL-VaPUC | ||
| 008 | 950717e19660000MX |||||||||||||||||spa|d | ||
| 082 | 0 | 4 | |a 510 |b TAY |2 21 |
| 100 | 0 | |a Taylor, Howard Edward |e author |9 342216 | |
| 700 | 0 | |a Wade, Thomas Leonard |e author |9 342217 | |
| 245 | 1 | 0 | |a Matemáticas básicas |
| 300 | |a 440 p | ||
| 942 | |c BK | ||
| 945 | |d 19950717 00:00:00 |a lriquelm | ||
| 260 | |a Ciudad de México |b Limusa |c 1966 | ||
| 650 | 0 | |a Matemática |9 260235 | |
| 650 | 0 | |a Números reales |9 270334 | |
| 650 | 0 | |a Números complejos |9 270335 | |
| 650 | 0 | |a Teoría de conjuntos |9 265668 | |
| 650 | 0 | |a Números racionales |9 316867 | |
| 650 | 0 | |a Valor numérico |9 342218 | |
| 650 | 0 | |a Vectores |x Matemáticas |9 269973 | |
| 650 | 0 | |a Polinomios |9 270626 | |
| 650 | 0 | |a Ecuaciones lineales |9 342219 | |
| 650 | 0 | |a Matrices (Matemáticas) |9 269972 | |
| 650 | 7 | |a INDUCCION MATEMATICAS |2 CL-VaPUC |9 270690 | |
| 650 | 0 | |a Funciones (Matemáticas) |9 338128 | |
| 650 | 0 | |a Trigonometría |9 259568 | |
| 583 | |a last modification |c 19950717 00:00:00 |k Rodrigo Vera | ||
| 999 | |c 236736 |d 236734 | ||
| 952 | |0 0 |1 0 |4 0 |6 510_000000000000000_TAY_1966 |7 0 |8 P |9 245026 |a BIBEDU |b BIBEDU |c BIBEDU_PB |d 2019-11-18 |i 1534009 |o 510 TAY 1966 |p 1534009 |r 2024-01-25 |w 2019-11-18 |y BK |k EDU | ||
| 952 | |0 0 |1 0 |4 0 |6 510_000000000000000_TAY_1966 |7 0 |8 A |9 245029 |a BIBING |b BIBING |d 2019-11-18 |i 1646745 |l 1 |o 510 TAY 1966 |p 1646745 |r 2025-01-20 |s 2022-03-10 |w 2019-11-18 |y BK |k ING | ||
| 952 | |0 0 |1 0 |4 0 |6 510_000000000000000_TAY_1966 |7 0 |8 A |9 245034 |a BIBENE |b BIBENE |d 2019-11-18 |i 1404253 |o 510 TAY 1966 |p 1404253 |r 2025-01-15 |w 2019-11-18 |y BK |k ICO | ||
| 952 | |0 0 |1 0 |4 0 |6 510_000000000000000_TAY_1966 |7 0 |8 A |9 245047 |a BIBMAT |b BIBMAT |d 2019-11-18 |i 1488686 |o 510 TAY 1966 |p 1488686 |r 2025-01-07 |w 2019-11-18 |y BK |k MAT | ||
| 952 | |0 0 |1 0 |4 0 |6 510_000000000000000_TAY_1966 |7 0 |8 A |9 245049 |a BIBMAT |b BIBMAT |d 2019-11-18 |i 1488783 |o 510 TAY 1966 |p 1488783 |r 2025-01-07 |w 2019-11-18 |y BK |k MAT | ||